| 000 | 00638nam a2200253 a 4500 | ||
|---|---|---|---|
| 003 | AR-BaBNM | ||
| 005 | 20251128203726.0 | ||
| 008 | 082120s2002 ||||||||||||||000 | spa|| | ||
| 040 | _cAR-BaBNM | ||
| 100 | 1 | _aDaudet, Alphonse | |
| 245 | 0 | 0 | _aSafo |
| 260 |
_aBarcelona _aBuenos Aires _bB. Bauza _bMoro y Tello _c[s.f.] |
||
| 300 | _a223 p. | ||
| 650 | 4 | _aLITERATURA FRANCESA | |
| 650 | 4 | _aESCRITORES | |
| 650 | 4 | _aNOVELAS | |
| 650 | 4 | _aSIGLO DIECINUEVE | |
| 653 | _aINFLUENCIA GRECOLATINA | ||
| 653 | _aNATURALISMO | ||
| 655 | _aLITERATURA | ||
| 700 | 1 |
_aGarcĂa Montiel, Enrique _etraductor |
|
| 942 | _cBK | ||
| 998 | _cMARTIN | ||
| 999 |
_c4658 _d4658 |
||